| 000 | 00657nam a22002297a 4500 | ||
|---|---|---|---|
| 999 |
_c17393 _d17393 |
||
| 003 | AR-CdUCM | ||
| 008 | 190508b ||||| |||| 00| 0 spa d | ||
| 040 |
_aMUNICIPALIDAD PROVINCIAL DEL CUSCO _cBIBLIOTECA MUNICIPAL DEL CUSCO |
||
| 041 | _hfre | ||
| 082 |
_a848.9 / _bC75 |
||
| 100 |
_aColette _937380 |
||
| 245 | _aLa gata / | ||
| 260 |
_aColombia : _bOveja Negra, _c1983. |
||
| 300 |
_a156 páginas ; _c19 cm. |
||
| 505 | _aContenido: Novela. | ||
| 650 |
_aLiteratura Francesa _9614 |
||
| 650 |
_aNovela Francesa _910657 |
||
| 650 |
_aSiglo XX _98 |
||
| 700 |
_aPiñas, E. (traducción) _937381 |
||
| 942 |
_2ddc _cLIBROS |
||
| 945 |
_aachl _d2019-05-08 |
||